00763nam a2200217Ia 4500003000900000008004100009020002200050040001600072080001700088100002500105245010400130260002700234300001500261650003000276650002300306650002100329700002600350942000700376999001700383952014500400IN-BaIIA211028s9999 xx 000 0 eng d a978-0-387-09547-9 cIIA Library a524.352bMAZ aMazure, Alain935809 0aExploding superstarsbunderstanding supernovae and gamma-ray burstscAlain Mazure and Stephane Basa aBerlinbSpringerc2009 axii, 154p. aExploding Universe935810 aSuper Stars935811 aSupernova915816 aBasa, Stephane935812 cBK c18711d18711 00104070aBANbBANcGENd2013-05-09eBBI g2138.88l5o524.352/ MAZp19633r2025-06-17s2024-12-11v2138.88w2013-05-09yBKGRs. 2138.88